Normal view
MARC view
- SUPERVISORS LEC JAWAD HAIDER SYED PROJECT CO-SUPERVISOR ASST PROF DR. FAISAL AHMED
Entry Personal Name
001 - CONTROL NUMBER
- control field: 70619
003 - CONTROL NUMBER IDENTIFIER
- control field: NUST
005 - DATE AND TIME OF LATEST TRANSACTION
- control field: 20210628204528.0
008 - FIXED-LENGTH DATA ELEMENTS
- fixed length control field: 210628|| aca||aabn | a|a d
040 ## - CATALOGING SOURCE
- Original cataloging agency: NUST
- Transcribing agency: NUST
100 ## - HEADING--PERSONAL NAME
- Personal name: SUPERVISORS LEC JAWAD HAIDER SYED PROJECT CO-SUPERVISOR ASST PROF DR. FAISAL AHMED
670 ## - SOURCE DATA FOUND
- Source citation: Work cat.: (NUST): Muhammad Tayyab Omer Islam Umar Naseer 70618, PR-SOF-1827-Software modeling and validation of a small, single cylinder engine, 2019
